Biggest Cities in Europe starting with B - Statistics

General Stats
  • This quiz has been taken 108 times
    38 since last reset
  • The average score is 18 of 29
Answer Stats
Population Country Answer % Correct
3,387,000 Germany Berlin
97%
1,455,000 Spain Barcelona
94%
1,021,000 United Kingdom Birmingham
94%
1,825,000 Hungary Budapest
94%
2,016,000 Romania Bucharest
92%
1,594,000 Serbia Belgrade
89%
449,000 Slovakia Bratislava
86%
228,000 Norway Bergen
81%
386,000 Italy Bologna
81%
540,000 Germany Bremen
75%
385,000 Czech Republic Brno
75%
351,000 Spain Bilbao
72%
400,000 United Kingdom Bristol
69%
335,000 Italy Bari
67%
297,000 United Kingdom Belfast
61%
301,000 Germany Bonn
58%
289,000 United Kingdom Brighton
58%
483,000 United Kingdom Bradford
56%
393,000 Germany Bochum
47%
265,000 United Kingdom Bolton
47%
321,000 Germany Bielefeld
44%
286,000 Belarus Brest
39%
387,000 Poland Bydgoszcz
39%
314,000 Romania Brasov
36%
284,000 Poland Bialystok
33%
455,000 Russia Bryansk
33%
246,000 Germany Braunschweig
31%
227,000 United Kingdom Barnsley
19%
233,000 Romania Braila
14%
No matching quizzes found
Score Distribution
Percent of People with Each Score
Percentile by Number Answered
Your Score History
You have not taken this quiz since the last reset